Medallones de sol y medallones de luna

Zapisane w:
Opis bibliograficzny
1. autor: Alonso, Carmen de (Autor)
Format: Książka
Język:hiszpański
Wydane: Santiago Zig-Zag 1983
Wydanie:1a. ed
Seria:Colección infantil Zig-Zag
Hasła przedmiotowe:
Etykiety: Dodaj etykietę
Nie ma etykietki, Dołącz pierwszą etykiete!

MARC

LEADER 00000nam a2200000 a 4500
001 UCH3954
003 CL-VaPUC
008 090818e19830000CL |||||||||||||||||spa|d
082 0 4 |a Ch863  |b ALO  |2 21 
100 0 |a Alonso, Carmen de  |e author  |9 539451 
245 1 0 |a Medallones de sol y medallones de luna 
250 |a 1a. ed 
300 |a 121 p 
942 |c BK 
945 |d 20090818 00:00:00  |a ccalabra 
260 |a Santiago  |b Zig-Zag  |c 1983 
650 0 |a Literatura chilena   |9 308278 
650 0 |a Novelas chilenas   |9 265425 
650 0 |a Ficción   |9 376687 
650 0 |a Lectura  |9 307634 
650 0 |a Educación  |9 258661 
650 0 |a Niños  |9 255605 
651 7 |a CHILE  |2 CL-VaPUC  |9 539452 
583 |a last modification  |c 20090818 00:00:00  |k Rodrigo Vera 
490 0 |a Colección infantil Zig-Zag 
999 |c 335355  |d 335353